000 00473nam a2200181Ia 4500
008 180207s9999 xx 000 0 und d
020 _a9780749646370
050 _bM284 2001
100 _aManning, Mick.
245 _aSeasons turning :
245 _bspring, summer, winter, autumn /
245 _cMick Manning and Brita Granstrom /
260 _aLondon :
260 _bFranklin Watts,
260 _c2001
300 _a30 pages :
300 _bcolor illustration ;
999 _c355201
_d355201